[Event "39th Asia-ch U20"]
[Site "Shiraz IRI"]
[Date "2017.05.08"]
[Round "7"]
[White "Taalaibekov, Tagir"]
[Black "Tran, Minh Thang"]
[Result "1-0"]
[WhiteElo "2213"]
[BlackElo "2409"]
[EventDate "2017.05.03"]
[PlyCount "0"]

1.d4 Nf6 2.Nf3 b6 3.Nc3 Bb7 4.Bg5 d5 5.e3 e6 6.a3 Be7 7.Be2 O-O 8.O-O c5 
9.Ne5 Ne8 10.Bxe7 Qxe7 11.Bf3 Nd6 12.Re1 f6 13.Nd3 Na6 14.Nf4 Rad8 15.g3 
Nc7 16.Qe2 Qf7 17.Rad1 Ba6 18.Qd2 e5 19.Nfe2 e4 20.Bg2 g5 21.b3 c4 22.Rf1 
Qh5 23.f3 Qg6 24.fxe4 Nxe4 25.Nxe4 dxe4 26.Nc3 cxb3 27.Bxe4 f5 28.Rxf5 
Rxf5 29.g4 Qd6 30.Bxf5 b2 31.Rb1 Qxa3 32.Nd1 Nd5 33.Rxb2 Re8 34.Rb3 Qa1 
35.e4 Nf4 36.Re3 Bc4 37.Re1 Ne2+ 38.Rxe2 Bxe2 39.Qxe2 Qxd4+ 40.Nf2 a5 41.
Qb5 Re5 42.Qc6 Qc5 43.Qh6 Kf7 44.Qxh7+ Ke8 45.Kg2 b5 46.Qg8+ Ke7 47.Qxg5+ 
Kd6 48.Qd2+ Ke7 49.Nd3 Qd6 50.Qg5+ Qf6 51.Qxf6+ Kxf6 52.Nxe5 Kxe5 53.Bd7 
a4 54.Bxb5 a3 55.Bc4 1-0

[Event "39th Asia-ch U20"]
[Site "Shiraz IRI"]
[Date "2017.05.08"]
[Round "7"]
[White "Kumar, Gaurav"]
[Black "Mohammad, Nubairshah Shaikh"]
[Result "1-0"]
[WhiteElo "2176"]
[BlackElo "2408"]
[EventDate "2017.05.03"]
[PlyCount "0"]

1.e4 c6 2.d4 d5 3.Nc3 dxe4 4.Nxe4 h6 5.Nf3 Bf5 6.Nc5 Nd7 7.Bd3 Bxd3 8.Nxd3
e6 9.Qe2 Ngf6 10.O-O Be7 11.b3 O-O 12.Bb2 Qa5 13.Nfe5 Nxe5 14.Nxe5 Rad8 
15.f4 Nd7 16.Ng4 Rfe8 17.Rf3 Nf6 18.Ne5 c5 19.Bc3 Qb6 20.dxc5 Qxc5+ 21.Kh1
Rd5 22.Bb2 Qb4 23.Nd3 Qa5 24.a4 Red8 25.h3 Ne8 26.g4 Bf6 27.Be5 R5d7 28.
Raf1 Bxe5 29.fxe5 Nc7 30.Qf2 Rf8 31.h4 Qd5 32.g5 hxg5 33.hxg5 Qe4 34.Nc5 
Qh7+ 35.Kg2 Re7 36.Rh1 Qg6 37.Qh4 f6 38.exf6 Qxc2+ 39.Rf2 Qxc5 40.Qh8+ Kf7
41.fxg7+ Qxf2+ 42.Kxf2 Rg8 43.g6+ 1-0

[Event "39th Asia-ch U20"]
[Site "Shiraz IRI"]
[Date "2017.05.08"]
[Round "7"]
[White "Gholami Orimi, Mahdi"]
[Black "Daneshvar, Bardiya"]
[Result "1-0"]
[WhiteElo "2256"]
[BlackElo "2105"]
[EventDate "2017.05.03"]
[PlyCount "0"]

1.d4 Nf6 2.c4 g6 3.Nf3 Bg7 4.g3 d5 5.cxd5 Nxd5 6.Bg2 O-O 7.O-O Nc6 8.Nc3 
Nb6 9.d5 Na5 10.Nd4 c6 11.e4 e5 12.Nb3 Nxb3 13.Qxb3 cxd5 14.exd5 Bf5 15.
Be3 Re8 16.Rfd1 e4 17.Nb5 Bg4 18.Rd2 Nd7 19.Nd6 Re5 20.Nxe4 Qe7 21.f3 Bh5 
22.Bd4 Bh6 23.Bxe5 Bxd2 24.Bd6 1-0

[Event "39th Asia-ch U20"]
[Site "Shiraz IRI"]
[Date "2017.05.08"]
[Round "7"]
[White "Moradi, Sajad"]
[Black "Mousavi, Seyed Khalil"]
[Result "0-1"]
[WhiteElo "2021"]
[BlackElo "2435"]
[EventDate "2017.05.03"]
[PlyCount "0"]

1.d4 d5 2.c4 e6 3.Nf3 Nf6 4.g3 Be7 5.Bg2 O-O 6.O-O dxc4 7.Qc2 b5 8.a4 b4 
9.Nbd2 Bb7 10.Nxc4 Be4 11.Qb3 Nc6 12.e3 Bd5 13.Qd3 b3 14.Ncd2 Nb4 15.Qc3 
Rc8 16.e4 Nxe4 17.Nxe4 Bxe4 18.Qxb3 Nc2 19.Ra2 Rb8 20.Qc3 Qd5 21.b3 Rxb3 
22.Qxc7 Bd6 23.Qxa7 Ra8 24.Qd7 Rb7 0-1